[Event "2024 National Elementary (K-6) Championship"]
[Site "Columbus, Ohio, United States"]
[Date "2024.04.27"]
[Round "5.7"]
[White "Sen, Samant Robert"]
[Black "Khanbutaev, Artemii"]
[Result "0-1"]
[TimeControl "G/90; d10"]
[WhiteFideId "39942040"]
[BlackFideId "55747175"]
[WhiteElo "1789"]
[BlackElo "1984"]

1. e4 {[%clk 01:30:00]} {[%emt 00:00:01]} e5 {[%clk 01:30:00]} {[%emt
00:00:06]} 2. Nf3 {[%clk 01:30:00]} {[%emt 00:00:08]} Nc6 {[%clk 01:30:00]}
{[%emt 00:00:08]} 3. Bc4 {[%clk 01:30:00]} {[%emt 00:00:12]} Nf6 {[%clk
01:30:00]} {[%emt 00:00:06]} 4. d3 {[%clk 01:29:59]} {[%emt 00:00:05]} Bc5
{[%clk 01:30:00]} {[%emt 00:00:03]} 5. c3 {[%emt 00:00:07]} d6 {[%clk
01:30:00]} 6. a4 {[%clk 01:29:59]} {[%emt 00:00:05]} a5 {[%clk 01:30:00]}
{[%emt 00:00:08]} 7. O-O {[%clk 01:29:59]} {[%emt 00:00:10]} O-O {[%clk
01:30:00]} {[%emt 00:00:08]} 8. Nbd2 {[%clk 01:29:59]} {[%emt 00:00:06]} h6
{[%clk 01:29:54]} {[%emt 00:00:17]} 9. Re1 {[%clk 01:29:56]} {[%emt 00:00:12]}
Be6 {[%emt 00:01:01]} 10. Bb3 {[%clk 01:29:51]} {[%emt 00:00:14]} Re8 {[%clk
01:26:32]} {[%emt 00:02:43]} 11. Nf1 {[%clk 01:28:57]} {[%emt 00:01:03]} d5
{[%clk 01:24:42]} {[%emt 00:02:01]} 12. Bc2 {[%emt 00:23:47]} d4 {[%clk
01:03:20]} {[%emt 00:01:20]} 13. Qe2 {[%emt 00:10:34]} Qd6 {[%emt 00:13:39]} 14.
Ng3 {[%clk 01:02:53]} {[%emt 00:03:29]} Ne7 {[%clk 00:54:28]} {[%emt 00:04:28]}
15. Kh1 {[%clk 00:34:53]} {[%emt 00:28:10]} Ng6 {[%clk 00:52:40]} {[%emt
00:01:58]} 16. h3 {[%clk 00:27:32]} {[%emt 00:07:31]} Qd7 {[%clk 00:51:28]}
{[%emt 00:01:23]} 17. Ng1 {[%clk 00:22:49]} {[%emt 00:04:53]} Nh7 {[%clk
00:48:53]} {[%emt 00:02:45]} 18. Qh5 {[%clk 00:21:16]} {[%emt 00:01:42]} dxc3
{[%clk 00:47:09]} {[%emt 00:01:55]} 19. Rf1 {[%clk 00:15:09]} {[%emt 00:06:16]}
cxb2 {[%clk 00:46:24]} {[%emt 00:00:55]} 20. Bxb2 {[%clk 00:15:09]} {[%emt
00:00:11]} Ng5 {[%clk 00:40:34]} {[%emt 00:05:59]} 21. Bxe5 {[%clk 00:10:52]}
{[%emt 00:04:27]} Nxe5 {[%clk 00:38:33]} {[%emt 00:02:11]} 22. f4 {[%clk
00:10:41]} {[%emt 00:00:22]} Bxg1 {[%clk 00:33:36]} {[%emt 00:05:06]} 23. Kxg1
{[%clk 00:10:33]} {[%emt 00:00:18]} Nef3+ {[%clk 00:32:29]} {[%emt 00:01:18]}
24. gxf3 {[%clk 00:10:20]} {[%emt 00:00:22]} Nxh3+ {[%clk 00:32:26]} {[%emt
00:00:13]} 25. Kh2 {[%clk 00:10:07]} {[%emt 00:00:23]} Nxf4 {[%clk 00:31:16]}
{[%emt 00:01:20]} 26. Qc5 {[%clk 00:08:34]} {[%emt 00:01:43]} Bb3 {[%clk
00:30:38]} {[%emt 00:00:48]} 27. Nf5 {[%clk 00:07:55]} {[%emt 00:00:49]} Bxc2
{[%clk 00:29:52]} {[%emt 00:00:55]} 28. Rg1 {[%clk 00:06:25]} {[%emt 00:01:40]}
Ng6 {[%clk 00:20:52]} {[%emt 00:09:10]} 29. Qxc2 {[%clk 00:06:05]} {[%emt
00:00:32]} Ra6 {[%clk 00:16:30]} {[%emt 00:04:31]} 30. Qc3 {[%clk 00:05:33]}
{[%emt 00:00:42]} Rf6 {[%clk 00:14:40]} {[%emt 00:02:00]} 31. Nxh6+ {[%clk
00:05:03]} {[%emt 00:00:40]} Kf8 {[%clk 00:14:37]} {[%emt 00:00:14]} 32. Nf5
{[%clk 00:04:22]} {[%emt 00:00:51]} Rxf5 {[%clk 00:14:00]} {[%emt 00:00:47]} 33.
exf5 {[%clk 00:04:08]} {[%emt 00:00:24]} Qxf5 {[%clk 00:14:00]} {[%emt
00:00:08]} 34. Rg3 {[%clk 00:01:41]} {[%emt 00:02:36]} Re2+ {[%clk 00:12:05]}
{[%emt 00:02:06]} 35. Kg1 {[%clk 00:00:51]} {[%emt 00:01:00]} Qh5 {[%clk
00:11:08]} {[%emt 00:01:07]} 36. Qxc7 {[%clk 00:00:05]} {[%emt 00:00:56]} Qh2+
{[%clk 00:11:03]} {[%emt 00:00:15]} 37. Kf1 {[%clk 00:00:05]} Qf2# {[%emt
00:00:26]} 0-1

[Event "2024 National Elementary (K-6) Championship"]
[Site "Columbus, Ohio, United States"]
[Date "2024.04.27"]
[Round "5.8"]
[White "Yang, Andre"]
[Black "Liao, Connor"]
[Result "1-0"]
[TimeControl "G/90; d10"]
[WhiteFideId "39930521"]
[BlackFideId "39950360"]
[WhiteElo "1962"]
[BlackElo "1816"]

1. d4 {[%clk 01:30:00]} {[%emt 00:00:04]} d5 {[%clk 01:30:00]} {[%emt
00:00:04]} 2. Nf3 {[%clk 01:30:00]} {[%emt 00:00:10]} c6 {[%clk 01:30:00]}
{[%emt 00:00:11]} 3. c4 {[%clk 01:29:56]} {[%emt 00:00:16]} Nf6 {[%clk
01:30:00]} {[%emt 00:00:01]} 4. Nc3 {[%clk 01:29:48]} {[%emt 00:00:07]} e6
{[%clk 01:30:00]} {[%emt 00:00:09]} 5. Bg5 {[%clk 01:29:48]} {[%emt 00:00:08]}
Nbd7 {[%clk 01:29:39]} {[%emt 00:00:32]} 6. e3 {[%clk 01:28:50]} {[%emt
00:01:07]} Qa5 {[%clk 01:28:53]} {[%emt 00:00:57]} 7. Qb3 {[%emt 00:13:25]} Ne4
{[%clk 01:24:53]} 8. Bf4 {[%clk 01:18:47]} {[%emt 00:01:06]} Bd6 {[%clk
01:19:36]} {[%emt 00:05:29]} 9. Bxd6 {[%clk 01:17:10]} {[%emt 00:01:46]} Nxd6
{[%clk 01:19:35]} {[%emt 00:00:12]} 10. cxd5 {[%clk 01:17:07]} {[%emt
00:00:13]} exd5 {[%clk 01:19:02]} {[%emt 00:00:43]} 11. Bd3 {[%clk 01:16:32]}
{[%emt 00:00:45]} Nf6 {[%emt 00:01:56]} 12. O-O {[%clk 01:15:35]} {[%emt
00:01:04]} O-O {[%clk 01:17:10]} {[%emt 00:00:18]} 13. Qc2 {[%clk 01:14:43]}
{[%emt 00:01:01]} g6 {[%clk 01:14:26]} {[%emt 00:02:56]} 14. a3 {[%clk
01:14:06]} {[%emt 00:00:47]} a6 {[%clk 01:03:59]} {[%emt 00:10:37]} 15. b4
{[%clk 01:13:55]} {[%emt 00:00:21]} Qc7 {[%clk 01:03:53]} {[%emt 00:00:16]} 16.
a4 {[%clk 01:12:42]} {[%emt 00:01:23]} Bd7 {[%clk 00:56:48]} {[%emt 00:07:14]}
17. Rfc1 {[%clk 01:10:52]} {[%emt 00:02:00]} Rac8 {[%clk 00:55:03]} {[%emt
00:01:55]} 18. Qb3 {[%clk 01:09:42]} {[%emt 00:01:20]} Qb6 {[%clk 00:44:17]}
{[%emt 00:10:56]} 19. Ne5 {[%clk 01:06:32]} {[%emt 00:03:19]} Bf5 {[%clk
00:43:42]} {[%emt 00:00:47]} 20. Bxf5 {[%clk 01:06:25]} {[%emt 00:00:16]} Nxf5
{[%clk 00:42:47]} {[%emt 00:01:06]} 21. b5 {[%clk 00:42:16]} {[%emt 00:24:19]}
Nd6 {[%clk 00:34:15]} {[%emt 00:08:42]} 22. a5 {[%clk 00:41:13]} {[%emt
00:01:13]} Qc7 {[%clk 00:27:20]} {[%emt 00:07:05]} 23. bxc6 {[%clk 00:40:57]}
{[%emt 00:00:27]} bxc6 {[%clk 00:25:09]} {[%emt 00:02:21]} 24. Na4 {[%clk
00:39:17]} {[%emt 00:01:49]} Nc4 {[%clk 00:14:02]} {[%emt 00:11:18]} 25. Nxc4
{[%clk 00:39:17]} {[%emt 00:00:09]} dxc4 {[%clk 00:14:02]} {[%emt 00:00:03]} 26.
Qxc4 {[%clk 00:39:03]} {[%emt 00:00:23]} Qxa5 {[%clk 00:13:25]} {[%emt
00:00:48]} 27. Nc5 {[%clk 00:38:56]} {[%emt 00:00:17]} Qd8 {[%clk 00:11:44]}
{[%emt 00:01:52]} 28. Rxa6 {[%clk 00:38:15]} {[%emt 00:00:50]} Qd5 {[%clk
00:07:44]} {[%emt 00:04:11]} 29. Qxd5 {[%clk 00:37:54]} {[%emt 00:00:31]} Nxd5
{[%clk 00:07:42]} {[%emt 00:00:11]} 30. Nd3 {[%clk 00:36:26]} {[%emt 00:01:36]}
Ne7 {[%clk 00:04:43]} {[%emt 00:03:11]} 31. Ne5 {[%clk 00:36:18]} {[%emt
00:00:17]} Rb8 {[%clk 00:02:28]} {[%emt 00:02:27]} 32. Nxc6 {[%clk 00:34:42]}
{[%emt 00:01:45]} Nxc6 {[%clk 00:02:28]} {[%emt 00:00:04]} 33. Raxc6 {[%clk
00:34:42]} {[%emt 00:00:05]} Rfd8 {[%clk 00:02:03]} {[%emt 00:00:35]} 34. g3
{[%clk 00:34:38]} {[%emt 00:00:14]} Kg7 {[%clk 00:02:00]} {[%emt 00:00:13]} 35.
Kg2 {[%clk 00:34:32]} {[%emt 00:00:16]} Rb2 {[%clk 00:02:00]} {[%emt 00:00:01]}
36. R1c2 {[%clk 00:34:32]} {[%emt 00:00:09]} Rb1 {[%clk 00:01:58]} {[%emt
00:00:13]} 37. Rc8 {[%clk 00:34:22]} {[%emt 00:00:19]} Rd5 {[%clk 00:01:38]}
{[%emt 00:00:30]} 38. R2c5 {[%clk 00:34:22]} {[%emt 00:00:08]} Rd6 {[%clk
00:01:38]} {[%emt 00:00:02]} 39. R8c6 {[%clk 00:34:04]} {[%emt 00:00:28]} Rd8
{[%clk 00:01:38]} {[%emt 00:00:01]} 40. Rc1 {[%clk 00:33:12]} {[%emt 00:01:01]}
Rb2 {[%clk 00:01:38]} {[%emt 00:00:02]} 41. R6c2 {[%clk 00:33:11]} {[%emt
00:00:10]} Rb5 {[%clk 00:01:27]} {[%emt 00:00:23]} 42. Rd2 {[%clk 00:33:07]}
{[%emt 00:00:14]} Kf6 {[%clk 00:01:25]} {[%emt 00:00:11]} 43. Kf3 {[%clk
00:33:05]} {[%emt 00:00:12]} Rf5+ {[%clk 00:01:25]} {[%emt 00:00:04]} 44. Ke2
{[%clk 00:33:05]} {[%emt 00:00:08]} Rh5 {[%clk 00:01:15]} {[%emt 00:00:22]} 45.
h4 {[%clk 00:33:05]} {[%emt 00:00:06]} Rhd5 {[%clk 00:01:05]} {[%emt 00:00:21]}
46. Rc4 {[%clk 00:32:39]} {[%emt 00:00:33]} R5d6 {[%clk 00:00:39]} {[%emt
00:00:38]} 47. e4 {[%clk 00:32:35]} {[%emt 00:00:14]} Ke6 {[%clk 00:00:39]}
{[%emt 00:00:05]} 48. f4 {[%clk 00:32:28]} {[%emt 00:00:17]} f5 {[%clk
00:00:29]} {[%emt 00:00:21]} 49. e5 {[%clk 00:30:54]} {[%emt 00:01:44]} R6d7
{[%emt 00:00:37]} 50. Rc6+ {[%clk 00:30:48]} {[%emt 00:00:14]} Kd5 {[%clk
00:00:03]} {[%emt 00:00:06]} 51. Rc5+ {[%clk 00:30:30]} {[%emt 00:00:27]} Ke4
{[%clk 00:00:03]} {[%emt 00:00:01]} 52. d5 {[%clk 00:29:35]} {[%emt 00:01:05]}
Rxd5 {[%clk 00:00:03]} {[%emt 00:00:02]} 53. Rc4+ {[%clk 00:29:25]} {[%emt
00:00:21]} Rd4 {[%clk 00:00:03]} {[%emt 00:00:05]} 54. Rcxd4+ {[%clk 00:29:25]}
{[%emt 00:00:04]} Rxd4 {[%clk 00:00:03]} 55. Rxd4+ {[%clk 00:29:25]} {[%emt
00:00:10]} Kxd4 {[%clk 00:00:03]} {[%emt 00:00:02]} 56. e6 {[%clk 00:29:25]}
{[%emt 00:00:07]} g5 {[%emt 00:00:08]} 57. hxg5 {[%clk 00:29:25]} {[%emt
00:00:05]} h5 {[%clk 00:00:03]} {[%emt 00:00:03]} 58. e7 {[%clk 00:29:22]}
{[%emt 00:00:13]} h4 {[%clk 00:00:03]} 59. gxh4 {[%clk 00:29:17]} {[%emt
00:00:15]} Kc5 {[%clk 00:00:03]} {[%emt 00:00:10]} 1-0

[Event "2024 National Elementary (K-6) Championship"]
[Site "Columbus, Ohio, United States"]
[Date "2024.04.27"]
[Round "5.9"]
[White "Pradhan, Arjun Sarin"]
[Black "Wu, Lucas"]
[Result "0-1"]
[TimeControl "G/90; d10"]
[WhiteElo "1337"]
[BlackElo "1365"]

1. d4 {[%clk 01:30:00]} d5 {[%clk 01:30:00]} {[%emt 00:00:08]} 2. Nf3 {[%clk
01:30:00]} {[%emt 00:00:09]} Nc6 {[%clk 01:29:59]} {[%emt 00:00:21]} 3. Bf4
{[%clk 01:30:00]} {[%emt 00:00:07]} Nf6 {[%clk 01:29:48]} {[%emt 00:00:08]} 4.
e3 {[%clk 01:30:00]} {[%emt 00:00:10]} Bf5 {[%emt 00:00:41]} 5. c3 {[%emt
00:00:13]} Nh5 {[%clk 01:28:20]} {[%emt 00:00:44]} 6. Bg5 {[%clk 01:28:30]}
{[%emt 00:01:40]} h6 {[%clk 01:27:14]} {[%emt 00:01:16]} 7. Bh4 {[%clk
01:28:30]} {[%emt 00:00:06]} g5 {[%clk 01:26:35]} {[%emt 00:00:48]} 8. Bg3
{[%clk 01:28:15]} {[%emt 00:00:25]} Nxg3 {[%clk 01:26:28]} {[%emt 00:00:17]} 9.
hxg3 {[%clk 01:28:15]} {[%emt 00:00:09]} Bg7 {[%clk 01:25:42]} {[%emt
00:00:57]} 10. Bd3 {[%clk 01:28:00]} {[%emt 00:00:25]} Bxd3 {[%clk 01:25:09]}
{[%emt 00:00:42]} 11. Qxd3 {[%clk 01:28:00]} {[%emt 00:00:06]} Qd6 {[%clk
01:23:43]} {[%emt 00:01:35]} 12. Nbd2 {[%clk 01:24:37]} {[%emt 00:03:34]} O-O-O
{[%clk 01:20:30]} {[%emt 00:03:23]} 13. b4 {[%clk 01:23:46]} {[%emt 00:01:02]}
e5 {[%clk 01:19:20]} {[%emt 00:01:20]} 14. Qf5+ {[%clk 01:21:52]} {[%emt
00:02:05]} Qd7 {[%clk 01:17:09]} {[%emt 00:02:19]} 15. Qxd7+ {[%clk 01:21:52]}
{[%emt 00:00:06]} Rxd7 {[%clk 01:16:53]} {[%emt 00:00:27]} 16. O-O {[%clk
01:21:52]} {[%emt 00:00:05]} e4 {[%clk 01:15:48]} {[%emt 00:01:14]} 17. Nh2
{[%clk 01:21:52]} {[%emt 00:00:09]} Kb8 {[%clk 01:12:26]} {[%emt 00:03:32]} 18.
a4 {[%clk 01:21:41]} {[%emt 00:00:21]} f5 {[%clk 01:07:32]} {[%emt 00:05:04]}
19. a5 {[%clk 01:20:29]} {[%emt 00:01:22]} a6 {[%clk 01:06:59]} {[%emt
00:00:42]} 20. Rfb1 {[%clk 01:20:27]} {[%emt 00:00:12]} Na7 {[%clk 01:05:55]}
{[%emt 00:01:13]} 21. Nb3 {[%clk 01:18:54]} {[%emt 00:01:44]} Bf8 {[%clk
01:05:24]} {[%emt 00:00:41]} 22. Nf1 {[%clk 01:18:12]} {[%emt 00:00:53]} Nb5
{[%clk 01:03:16]} {[%emt 00:02:17]} 23. Rc1 {[%clk 01:17:50]} {[%emt 00:00:33]}
Bd6 {[%clk 01:01:36]} {[%emt 00:01:50]} 24. c4 {[%clk 01:17:29]} {[%emt
00:00:31]} dxc4 {[%clk 01:00:31]} {[%emt 00:01:15]} 25. Rxc4 {[%clk 01:17:28]}
{[%emt 00:00:11]} f4 {[%clk 00:59:12]} {[%emt 00:01:29]} 26. Nc5 {[%clk
01:16:46]} {[%emt 00:00:52]} Bxc5 {[%clk 00:58:10]} {[%emt 00:01:12]} 27. dxc5
{[%clk 01:16:43]} {[%emt 00:00:13]} fxe3 {[%clk 00:54:56]} {[%emt 00:03:22]} 28.
Nxe3 {[%clk 01:16:04]} {[%emt 00:00:50]} Rd4 {[%clk 00:54:16]} {[%emt
00:00:50]} 29. Rac1 {[%clk 01:15:16]} {[%emt 00:00:58]} Rhd8 {[%clk 00:53:40]}
{[%emt 00:00:45]} 30. Nf5 {[%clk 01:14:45]} {[%emt 00:00:43]} R4d5 {[%clk
00:49:20]} {[%emt 00:04:29]} 31. Nxh6 {[%clk 01:14:14]} {[%emt 00:00:41]} Rd1+
{[%clk 00:49:07]} {[%emt 00:00:23]} 32. Rxd1 {[%clk 01:14:01]} {[%emt
00:00:23]} Rxd1+ {[%clk 00:49:07]} {[%emt 00:00:08]} 33. Kh2 {[%clk 01:14:01]}
{[%emt 00:00:02]} Rd4 {[%clk 00:48:46]} {[%emt 00:00:31]} 34. Rxd4 {[%clk
01:13:12]} {[%emt 00:00:59]} Nxd4 {[%clk 00:48:46]} {[%emt 00:00:06]} 35. Nf7
{[%clk 01:12:59]} {[%emt 00:00:24]} Nc2 {[%clk 00:47:41]} {[%emt 00:01:15]} 36.
Nxg5 {[%clk 01:12:16]} {[%emt 00:00:53]} Nxb4 {[%clk 00:47:35]} {[%emt
00:00:17]} 37. Nxe4 {[%clk 01:12:16]} {[%emt 00:00:02]} b6 {[%clk 00:47:11]}
{[%emt 00:00:34]} 38. cxb6 {[%clk 01:11:39]} {[%emt 00:00:47]} cxb6 {[%clk
00:47:11]} {[%emt 00:00:08]} 39. g4 {[%clk 01:11:39]} {[%emt 00:00:05]} bxa5
{[%clk 00:46:35]} {[%emt 00:00:46]} 40. g5 {[%clk 01:10:56]} {[%emt 00:00:53]}
a4 {[%clk 00:46:00]} {[%emt 00:00:45]} 41. g6 {[%emt 00:00:25]} Nc6 {[%emt
00:00:59]} 42. g7 {[%clk 01:09:23]} {[%emt 00:00:19]} Ne7 {[%emt 00:00:38]} 43.
Nc3 {[%clk 01:09:16]} {[%emt 00:00:16]} a3 {[%clk 00:45:10]} {[%emt 00:00:33]}
44. Na2 {[%clk 01:09:16]} {[%emt 00:00:04]} Kc7 {[%clk 00:44:45]} {[%emt
00:00:36]} 45. g4 {[%clk 01:09:16]} {[%emt 00:00:06]} Kd7 {[%clk 00:44:10]}
{[%emt 00:00:46]} 46. Kg3 {[%clk 01:08:19]} {[%emt 00:01:06]} Ke6 {[%clk
00:44:01]} {[%emt 00:00:19]} 47. f4 {[%clk 01:06:17]} {[%emt 00:02:12]} Kf6
{[%clk 00:43:39]} {[%emt 00:00:31]} 48. g8=N+ {[%clk 01:05:41]} {[%emt
00:00:46]} Nxg8 {[%clk 00:43:23]} {[%emt 00:00:26]} 49. Kh4 {[%clk 01:05:41]}
{[%emt 00:00:10]} Ne7 {[%clk 00:42:34]} {[%emt 00:00:59]} 50. Kh5 {[%clk
01:05:13]} {[%emt 00:00:39]} Ng6 {[%clk 00:41:43]} {[%emt 00:01:00]} 51. f5
{[%clk 01:03:35]} {[%emt 00:01:48]} Ne7 {[%clk 00:41:21]} {[%emt 00:00:32]} 52.
Kh4 {[%clk 01:01:17]} {[%emt 00:02:29]} Nxf5+ {[%clk 00:41:04]} {[%emt
00:00:26]} 53. gxf5 {[%clk 01:01:17]} {[%emt 00:00:11]} Kxf5 {[%clk 00:41:04]}
{[%emt 00:00:09]} 54. Kg3 {[%clk 01:01:17]} {[%emt 00:00:03]} Ke4 {[%clk
00:40:56]} {[%emt 00:00:17]} 55. Kf2 {[%clk 01:01:17]} {[%emt 00:00:07]} Kd3
{[%clk 00:40:48]} {[%emt 00:00:18]} 56. Nb4+ {[%clk 00:55:49]} {[%emt
00:05:38]} Kc3 {[%clk 00:40:29]} {[%emt 00:00:28]} 57. Nxa6 {[%clk 00:54:36]}
{[%emt 00:01:23]} a2 {[%clk 00:40:25]} {[%emt 00:00:14]} 58. Nc5 {[%clk
00:54:16]} {[%emt 00:00:31]} a1=Q {[%clk 00:40:19]} {[%emt 00:00:15]} 59. Ne4+
{[%clk 00:54:16]} {[%emt 00:00:08]} Kd4 {[%clk 00:39:58]} {[%emt 00:00:32]} 60.
Ng3 {[%clk 00:53:27]} {[%emt 00:00:58]} Qb2+ {[%clk 00:39:43]} {[%emt
00:00:24]} 61. Kg1 {[%clk 00:50:49]} {[%emt 00:02:49]} Ke3 {[%clk 00:39:10]}
{[%emt 00:00:42]} 62. Nf1+ {[%clk 00:50:13]} {[%emt 00:00:46]} Kf3 {[%clk
00:38:27]} {[%emt 00:00:54]} 63. Nh2+ {[%clk 00:49:42]} {[%emt 00:00:41]} Kg3
{[%clk 00:36:12]} {[%emt 00:02:26]} 64. Nf1+ {[%clk 00:48:58]} {[%emt
00:00:54]} Kh3 {[%clk 00:36:12]} {[%emt 00:00:07]} 65. Ne3 {[%clk 00:48:32]}
{[%emt 00:00:36]} Qe2 {[%clk 00:36:07]} {[%emt 00:00:11]} 0-1

[Event "2024 National Elementary (K-6) Championship"]
[Site "Columbus, Ohio, United States"]
[Date "2024.04.27"]
[Round "5.10"]
[White "Joshi, Reyansh"]
[Black "Mani, Anirudh Subhav"]
[Result "1-0"]
[TimeControl "G/90; d10"]
[WhiteElo "1323"]
[BlackElo "1311"]

1. e4 {[%clk 01:29:57]} {[%emt 00:00:06]} c5 {[%clk 01:30:00]} {[%emt
00:00:09]} 2. Nc3 {[%clk 01:29:57]} {[%emt 00:00:05]} Nc6 {[%clk 01:30:00]}
{[%emt 00:00:05]} 3. f4 {[%clk 01:29:57]} {[%emt 00:00:04]} e6 {[%clk
01:29:48]} {[%emt 00:00:10]} 4. Nf3 {[%clk 01:29:57]} {[%emt 00:00:04]} d5
{[%clk 01:29:41]} {[%emt 00:00:17]} 5. Bb5 {[%clk 01:29:57]} {[%emt 00:00:09]}
a6 {[%clk 01:29:15]} {[%emt 00:00:36]} 6. Bxc6+ {[%clk 01:29:57]} {[%emt
00:00:07]} bxc6 {[%clk 01:29:15]} {[%emt 00:00:04]} 7. O-O {[%clk 01:28:27]}
{[%emt 00:01:39]} Bd6 {[%clk 01:29:11]} {[%emt 00:00:14]} 8. d3 {[%clk
01:28:12]} {[%emt 00:00:25]} Ne7 {[%clk 01:28:24]} {[%emt 00:00:57]} 9. e5
{[%clk 01:22:18]} {[%emt 00:06:05]} Bc7 {[%clk 01:27:36]} {[%emt 00:00:57]} 10.
b3 {[%clk 01:21:22]} {[%emt 00:01:06]} Nf5 {[%clk 01:24:07]} {[%emt 00:03:38]}
11. Qd2 {[%clk 01:16:24]} {[%emt 00:05:10]} Bd7 {[%clk 01:23:54]} {[%emt
00:00:21]} 12. Ba3 {[%clk 01:15:39]} {[%emt 00:00:56]} Bb6 {[%clk 01:23:34]}
{[%emt 00:00:30]} 13. Kh1 {[%clk 01:15:05]} {[%emt 00:00:44]} O-O {[%clk
01:23:01]} {[%emt 00:00:43]} 14. Na4 {[%clk 01:14:08]} {[%emt 00:01:08]} f6
{[%clk 01:20:36]} {[%emt 00:02:35]} 15. Bxc5 {[%clk 01:11:28]} {[%emt
00:02:50]} Bxc5 {[%clk 01:20:36]} {[%emt 00:00:07]} 16. Nxc5 {[%clk 01:11:28]}
{[%emt 00:00:07]} Bc8 {[%clk 01:19:05]} {[%emt 00:01:41]} 17. d4 {[%clk
01:09:41]} {[%emt 00:01:58]} Qe8 {[%clk 01:17:44]} {[%emt 00:01:30]} 18. Rfe1
{[%clk 01:03:16]} {[%emt 00:06:35]} Qh5 {[%clk 01:17:21]} {[%emt 00:00:32]} 19.
exf6 {[%clk 01:00:28]} {[%emt 00:02:59]} Rxf6 {[%clk 01:17:14]} {[%emt
00:00:16]} 20. Ne5 {[%emt 00:02:19]} Rh6 {[%clk 01:15:51]} 21. g4 {[%clk
00:51:56]} {[%emt 00:08:07]} Ng3+ {[%clk 01:14:50]} {[%emt 00:01:11]} 22. Kg1
{[%clk 00:51:24]} {[%emt 00:00:43]} Qh3 {[%emt 00:01:28]} 23. Re3 {[%clk
00:49:40]} {[%emt 00:01:51]} 1-0

[Event "2024 National Elementary (K-6) Championship"]
[Site "Columbus, Ohio, United States"]
[Date "2024.04.27"]
[Round "5.11"]
[White "Wang, Ted"]
[Black "Hanke, Harvey"]
[Result "1-0"]
[TimeControl "G/90; d10"]
[WhiteFideId "30990459"]
[BlackFideId "30999200"]
[WhiteElo "2130"]
[BlackElo "2016"]

1. e4 {[%clk 01:30:00]} {[%emt 00:00:05]} e5 {[%clk 01:30:00]} {[%emt
00:00:06]} 2. Nf3 {[%clk 01:30:00]} {[%emt 00:00:16]} Nc6 {[%clk 01:30:00]}
{[%emt 00:00:09]} 3. Bc4 {[%clk 01:30:00]} {[%emt 00:00:07]} Bc5 {[%clk
01:30:00]} {[%emt 00:00:02]} 4. c3 {[%clk 01:30:00]} {[%emt 00:00:04]} Nf6
{[%clk 01:30:00]} 5. d3 {[%clk 01:30:00]} {[%emt 00:00:03]} O-O {[%clk
01:30:00]} {[%emt 00:00:02]} 6. Bb3 {[%clk 01:29:28]} {[%emt 00:00:42]} d5
{[%clk 01:30:00]} {[%emt 00:00:08]} 7. Qe2 {[%clk 01:29:17]} {[%emt 00:00:22]}
a5 {[%clk 01:30:00]} {[%emt 00:00:09]} 8. O-O {[%clk 01:29:03]} {[%emt
00:00:23]} a4 {[%clk 01:27:42]} {[%emt 00:02:30]} 9. Bc2 {[%clk 01:29:03]}
{[%emt 00:00:09]} d4 {[%clk 01:26:08]} {[%emt 00:01:44]} 10. a3 {[%clk
01:28:08]} {[%emt 00:01:06]} Qd6 {[%clk 01:18:56]} {[%emt 00:07:22]} 11. Nbd2
{[%clk 01:27:34]} {[%emt 00:00:42]} b5 {[%clk 01:17:30]} {[%emt 00:01:37]} 12.
Rd1 {[%clk 01:25:51]} {[%emt 00:01:53]} Ng4 {[%clk 01:05:36]} {[%emt 00:12:05]}
13. c4 {[%clk 01:24:11]} {[%emt 00:01:49]} Ba6 {[%clk 00:58:03]} {[%emt
00:07:43]} 14. Nh4 {[%clk 01:23:05]} {[%emt 00:01:16]} Nf6 {[%clk 00:57:09]}
{[%emt 00:01:05]} 15. Nf5 {[%clk 01:21:57]} {[%emt 00:01:17]} Qe6 {[%clk
00:57:00]} {[%emt 00:00:19]} 16. cxb5 {[%clk 01:19:09]} {[%emt 00:02:51]} Bxb5
{[%clk 00:57:00]} {[%emt 00:00:13]} 17. b4 {[%clk 01:17:53]} {[%emt 00:01:26]}
Bb6 {[%clk 00:52:51]} {[%emt 00:04:19]} 18. Bb1 {[%clk 01:15:43]} {[%emt
00:02:19]} Ne7 {[%clk 00:50:47]} {[%emt 00:02:14]} 19. Ba2 {[%clk 01:15:43]}
{[%emt 00:00:10]} Qd7 {[%clk 00:50:47]} {[%emt 00:00:07]} 20. Nxe7+ {[%clk
01:11:12]} {[%emt 00:04:39]} Qxe7 {[%clk 00:50:46]} {[%emt 00:00:14]} 21. Nf1
{[%clk 01:09:15]} {[%emt 00:02:06]} Ne8 {[%clk 00:47:36]} {[%emt 00:03:20]} 22.
Ng3 {[%clk 01:08:44]} {[%emt 00:00:40]} Nd6 {[%clk 00:47:33]} {[%emt 00:00:15]}
23. f4 {[%clk 01:06:22]} {[%emt 00:02:31]} exf4 {[%clk 00:46:00]} {[%emt
00:01:44]} 24. Bxf4 {[%clk 01:05:47]} {[%emt 00:00:44]} Rae8 {[%clk 00:42:46]}
{[%emt 00:03:24]} 25. Qf3 {[%clk 01:04:29]} {[%emt 00:01:29]} Bc6 {[%clk
00:41:32]} {[%emt 00:01:23]} 26. Rac1 {[%clk 01:04:00]} {[%emt 00:00:39]} Bb7
{[%clk 00:41:15]} {[%emt 00:00:28]} 27. Qh5 {[%clk 01:02:35]} {[%emt 00:01:35]}
Qf6 {[%clk 00:38:42]} {[%emt 00:02:42]} 28. Rf1 {[%clk 01:01:04]} {[%emt
00:01:41]} Qg6 {[%clk 00:38:42]} {[%emt 00:00:08]} 29. Qh4 {[%clk 00:57:43]}
{[%emt 00:03:30]} Kh8 {[%clk 00:36:23]} {[%emt 00:02:31]} 30. Bxd6 {[%clk
00:54:41]} {[%emt 00:03:12]} cxd6 {[%clk 00:33:53]} {[%emt 00:02:40]} 31. Rf5
{[%clk 00:53:28]} {[%emt 00:01:23]} Re5 {[%clk 00:30:21]} {[%emt 00:03:42]} 32.
Rxe5 {[%clk 00:53:18]} {[%emt 00:00:20]} dxe5 {[%clk 00:29:29]} {[%emt
00:01:01]} 33. Qe7 {[%clk 00:53:05]} {[%emt 00:00:23]} Rb8 {[%clk 00:28:45]}
{[%emt 00:00:54]} 34. Qxb7 {[%clk 00:53:05]} {[%emt 00:00:09]} Rf8 {[%clk
00:28:45]} {[%emt 00:00:09]} 35. Rc8 {[%clk 00:51:56]} {[%emt 00:01:20]} Bd8
{[%clk 00:28:10]} {[%emt 00:00:45]} 36. Qxf7 {[%clk 00:51:39]} {[%emt
00:00:28]} Qd6 {[%clk 00:27:53]} {[%emt 00:00:26]} 37. Nf5 {[%clk 00:51:38]}
{[%emt 00:00:11]} Rxf7 {[%clk 00:27:40]} {[%emt 00:00:23]} 38. Nxd6 {[%clk
00:51:38]} {[%emt 00:00:06]} Rf8 {[%clk 00:27:39]} {[%emt 00:00:09]} 39. Nf7+
{[%clk 00:51:38]} {[%emt 00:00:06]} Rxf7 {[%clk 00:27:38]} {[%emt 00:00:11]} 40.
Rxd8+ {[%clk 00:51:38]} {[%emt 00:00:04]} Rf8 {[%clk 00:27:38]} {[%emt
00:00:05]} 41. Rxf8# {[%clk 00:51:38]} {[%emt 00:00:05]} 1-0